| 000 | 00380nam a2200145Ia 4500 | ||
|---|---|---|---|
| 008 | 230711s9999||||xx |||||||||||||| ||und|| | ||
| 041 | _aENG | ||
| 082 |
_a621 _bPA-P |
||
| 100 | _aPalmquist,Roland E. | ||
| 245 | 0 | _aPrinciples of AC and DC circuits | |
| 250 | _a1st Ed. | ||
| 260 |
_c1987 _aNew York _bMacMillan Publications Pvt.Ltd |
||
| 650 | _aElectrical Engineering | ||
| 942 | _cBK | ||
| 999 |
_c638 _d638 |
||